<?xml version="1.0" encoding="UTF-8"?>
<record
    xmlns:xsi="http://www.w3.org/2001/XMLSchema-instance"
    xsi:schemaLocation="http://www.loc.gov/MARC21/slim http://www.loc.gov/standards/marcxml/schema/MARC21slim.xsd"
    xmlns="http://www.loc.gov/MARC21/slim">

  <leader>00975nam a22002777a 4500</leader>
  <controlfield tag="003">OSt</controlfield>
  <controlfield tag="005">20160128160924.0</controlfield>
  <controlfield tag="008">150205s2015    spc ||| ||||| 000|0 cat|d</controlfield>
  <datafield tag="017" ind1=" " ind2=" ">
    <subfield code="a">DL B. 1001-2015</subfield>
    <subfield code="b">Biblioteca de Catalunya</subfield>
  </datafield>
  <datafield tag="020" ind1=" " ind2=" ">
    <subfield code="a">9788494183591</subfield>
  </datafield>
  <datafield tag="040" ind1=" " ind2=" ">
    <subfield code="b">cat</subfield>
    <subfield code="c">CDMR</subfield>
  </datafield>
  <datafield tag="100" ind1="1" ind2=" ">
    <subfield code="a">Sol&#xE9;, Joan</subfield>
    <subfield code="q">(Sol&#xE9; Gim&#xE9;nez)</subfield>
  </datafield>
  <datafield tag="245" ind1="1" ind2="0">
    <subfield code="a">Cinc mirades del periodisme internacional</subfield>
    <subfield code="b">: Marc Marginedas, Mart&#xED; Anglada, Toni Cruanyes, Jordi P&#xE9;rez Colom&#xE9;, Sergi Vicente </subfield>
    <subfield code="c">Joan Sol&#xE9;</subfield>
  </datafield>
  <datafield tag="260" ind1=" " ind2=" ">
    <subfield code="a">Barcelona </subfield>
    <subfield code="b">Librooks</subfield>
    <subfield code="c">2015</subfield>
  </datafield>
  <datafield tag="300" ind1=" " ind2=" ">
    <subfield code="a">107 p. </subfield>
    <subfield code="c">22 cm</subfield>
  </datafield>
  <datafield tag="490" ind1=" " ind2=" ">
    <subfield code="a">Testimonia</subfield>
  </datafield>
  <datafield tag="504" ind1=" " ind2=" ">
    <subfield code="a">Refer&#xE8;ncies bibliogr&#xE0;fiques</subfield>
  </datafield>
  <datafield tag="600" ind1="1" ind2="4">
    <subfield code="a">Marginedas, Marc</subfield>
    <subfield code="9">4076</subfield>
  </datafield>
  <datafield tag="600" ind1="1" ind2="4">
    <subfield code="a">Anglada, Mart&#xED;</subfield>
    <subfield code="2">lemac</subfield>
    <subfield code="9">3147</subfield>
  </datafield>
  <datafield tag="600" ind1="1" ind2="4">
    <subfield code="a">Cruanyes, Toni,</subfield>
    <subfield code="d">1974-</subfield>
  </datafield>
  <datafield tag="600" ind1="1" ind2="4">
    <subfield code="a">P&#xE9;rez Colom&#xE9;, Jordi</subfield>
    <subfield code="2">lemac</subfield>
  </datafield>
  <datafield tag="600" ind1="1" ind2="4">
    <subfield code="a">Vicente, Sergi,</subfield>
    <subfield code="d">1975-</subfield>
  </datafield>
  <datafield tag="650" ind1=" " ind2="7">
    <subfield code="a">Corresponsals estrangers</subfield>
    <subfield code="x">Intervius</subfield>
    <subfield code="2">lemac</subfield>
    <subfield code="9">2802</subfield>
  </datafield>
  <datafield tag="650" ind1=" " ind2="7">
    <subfield code="a">Periodistes</subfield>
    <subfield code="z">Catalunya</subfield>
    <subfield code="x">Intervius</subfield>
    <subfield code="2">lemac</subfield>
    <subfield code="9">2400</subfield>
  </datafield>
  <datafield tag="942" ind1=" " ind2=" ">
    <subfield code="c">MON</subfield>
    <subfield code="2">udc</subfield>
  </datafield>
  <datafield tag="999" ind1=" " ind2=" ">
    <subfield code="c">6786</subfield>
    <subfield code="d">6786</subfield>
  </datafield>
  <datafield tag="952" ind1=" " ind2=" ">
    <subfield code="0">0</subfield>
    <subfield code="1">0</subfield>
    <subfield code="4">0</subfield>
    <subfield code="7">0</subfield>
    <subfield code="a">CDMR</subfield>
    <subfield code="b">CDMR</subfield>
    <subfield code="d">2015-04-07</subfield>
    <subfield code="e">Intercanvi</subfield>
    <subfield code="g">14.00</subfield>
    <subfield code="l">2</subfield>
    <subfield code="m">2</subfield>
    <subfield code="o">Ci 7/32</subfield>
    <subfield code="p">CDMR1504612555</subfield>
    <subfield code="r">2018-04-16</subfield>
    <subfield code="s">2018-03-08</subfield>
    <subfield code="v">14.00</subfield>
    <subfield code="w">2015-04-07</subfield>
    <subfield code="y">MON</subfield>
  </datafield>
</record>
